LEADER 01507nam a2200265 u 4500 001 000000005159 003 CaOOAMICUS 005 20070226104730.0 008 940926s1899 it afh u000 u ita u 035 $a10135810 040 $aBSR$bita$dPUL(R) 100 1 $aGrisar, Hartmann,$cS.I.,$d1845-1932.$0(OLS)http://pul/name/613 245 10$aAnalecta Romana :$bdissertazioni, testi, monumenti dell'arte riguardanti principalmente la storia di Roma e dei Papi nel medio evo : volume primo con una tavola cromolitografica, dodici tavole fototipiche e molte incisioni /$cH. Grisar .. 260 $aRoma :$bDesclée Lefebvre e Ci.,$c1899. 300 $axxi, 703 p., 12 l. of pls. :$bfront. color., ill. ;$c30 cm 500 $aNo more published. 500 $aEngraved title page. 504 $aIncludes bibliographical references and index. 650 0$aPapacy$xHistory.$2//eng$0(OLS)http://pul/subject/282 651 0$aRome$xAntiquities.$2//eng$0(OLS)http://pul/subject/2458 850 $aPUL 852 $aPUL$W1$xDP1 Antico 800$y27$m117 G 14$j7217$nBK-PRI$b $qStampati Antico$B7217$CPULBib$Z2$F7217 $H $81 941 1 $a15 996 $6245$aAnalecta Romana :$bdissertazioni, testi, monumenti dell'arte riguardanti principalmente la storia di Roma e dei Papi nel medio evo : volume primo con una tavola cromolitografica, dodici tavole fototipiche e molte incisioni$9(OLS)http://pul/title/7540 996 $6260$aRoma :$bDesclée Lefebvre e Ci.$9(OLS)http://pul/publisher/50793 LEADER 01290nam a2200301 u 4500 001 000000044889 003 CaOOAMICUS 005 20070226114612.0 008 990512s1997 enk u000 u eng u 020 $a0521478898 035 $a10822917 040 $aPUL$bita$dPUL(R) 245 04$aThe Cambridge companion to Jung /$cedited by Polly Youmg-Eisendrath and Terence Dawson. 260 $aCambridge :$bUniversity Press,$cc1997. 300 $axxxiv, 332 p. ;$c23 cm 490 1 $aThe Cambridge companion 500 $aInclude indici. 600 14$aJung, C. G.$q(Carl Gustav),$d1875-1961$xCritica e interpretazione.$0(OLS)http://pul/subject/19402 700 1 $aDawson, Terence.$0(OLS)http://pul/name/32734 700 1 $aYoung Eisendrath, Polly.$0(OLS)http://pul/name/32733 830 4$aThe Cambridge companion.$0(OLS)http://pul/title/60427 850 $aPUL 852 $aPUL$W1$xSL Filosofia 2$y80$mPhil A8 12$j60363$nBK-PRI$b $qStampati altre collocazioni$B60363$CPULBib$Z2$F60363 $H $81 941 1 $a10 961 $aINV: 79704 996 $6020$a0521478898$9(OLS)http://pul/number/55998 996 $6245$aThe Cambridge companion to Jung$9(OLS)http://pul/title/60535 996 $6260$aCambridge :$bUniversity Press$9(OLS)http://pul/publisher/49564